| 000 | 01104nam a22003497a 4500 | ||
|---|---|---|---|
| 003 | CHAP | ||
| 005 | 20220817044310.0 | ||
| 008 | 091104s1937 mx r 00010 spa d | ||
| 010 | _a96996 | ||
| 011 | _a97968 | ||
| 035 | _a108643 | ||
| 040 | _cCHAP | ||
| 082 | 0 | 4 |
_a333.0972 _bM45p 1937 |
| 100 | 0 | 0 |
_aMendieta y Núñez, Lucio. _974577 |
| 245 | 1 | 3 |
_aEl problema agrario de México _c/por Lucio Mendieta y Núñez |
| 250 | _a4 ed. | ||
| 260 |
_aMéxico, D.F. : _bPorrua, _c1937 |
||
| 300 | _a417 p. | ||
| 590 |
_aBATCH-UPD _b10 _c20130110 _lUCH01 _h0920 |
||
| 590 |
_aBATCH-UPD _b10 _c20130410 _lUCH01 _h0542 |
||
| 590 |
_aBATCH-UPD _b10 _c20130914 _lUCH01 _h1254 |
||
| 590 |
_aCONVERSION _b10 _c20130109 _lUCH01 _h1354 |
||
| 650 | 1 | 4 |
_aAgricultura _xAspectos económicos. |
| 650 | 1 | 4 |
_aAgricultura _xLeyes. _91720 |
| 650 | 1 | 4 |
_aEjidos _zMéxico. _936039 |
| 650 | 1 | 4 |
_aReforma agraria _zMéxico. _995596 |
| 650 | 1 | 4 |
_aTierras _xTenencia _zMéxico. _9113215 |
| 901 | _aBK | ||
| 911 | _aen proceso | ||
| 942 | _cLIBRO | ||
| 949 |
_a333.0972 M45p 1937 _bBC _cBPA _d33724002119553 _eBPA _gI.c/e _h111267 _i108643 _st |
||
| 999 |
_c96996 _d96996 |
||